<?xml version="1.0" encoding="UTF-8"?>
<collection xmlns:xsi="http://www.w3.org/2001/XMLSchema-instance" xsi:schemaLocation="http://www.loc.gov/MARC21/slim http://www.loc.gov/standards/marcxml/schema/MARC21slim.xsd" xmlns="http://www.loc.gov/MARC21/slim">
 <record>
  <leader>00000cam a22000004i 4500</leader>
  <controlfield tag="001">UP-99796217612665610</controlfield>
  <controlfield tag="003">Buklod</controlfield>
  <controlfield tag="005">20180202185356.0</controlfield>
  <controlfield tag="006">t    grm    00| u|</controlfield>
  <controlfield tag="007">ta</controlfield>
  <controlfield tag="008">180202s2016    xx     d     r    |||| u|</controlfield>
  <datafield tag="020" ind1=" " ind2=" ">
   <subfield code="a">9781462522484 (paperback)</subfield>
  </datafield>
  <datafield tag="035" ind1=" " ind2=" ">
   <subfield code="a">(iLib)UPD-00360912538</subfield>
  </datafield>
  <datafield tag="040" ind1=" " ind2=" ">
   <subfield code="a">UtOrBLW</subfield>
   <subfield code="d">DEDUC</subfield>
   <subfield code="e">rda</subfield>
  </datafield>
  <datafield tag="041" ind1=" " ind2=" ">
   <subfield code="a">eng</subfield>
  </datafield>
  <datafield tag="090" ind1=" " ind2=" ">
   <subfield code="a">LB 3430.5</subfield>
   <subfield code="b">B76 2016</subfield>
  </datafield>
  <datafield tag="100" ind1="1" ind2=" ">
   <subfield code="a">Brown-Chidsey, Rachel</subfield>
   <subfield code="e">author.</subfield>
  </datafield>
  <datafield tag="245" ind1="1" ind2="0">
   <subfield code="a">Practical handbook of multi-tiered systems of support</subfield>
   <subfield code="b">building academic and behavioral success in schools</subfield>
   <subfield code="c">Rachel Brown-Chidsey, Rebekah Bickford.</subfield>
  </datafield>
  <datafield tag="264" ind1=" " ind2="1">
   <subfield code="a">New York</subfield>
   <subfield code="b">The Guilford Press</subfield>
   <subfield code="c">[2016]</subfield>
  </datafield>
  <datafield tag="300" ind1=" " ind2=" ">
   <subfield code="a">xiii, 346 pages</subfield>
   <subfield code="b">illlustrations</subfield>
   <subfield code="c">26 cm</subfield>
  </datafield>
  <datafield tag="336" ind1=" " ind2=" ">
   <subfield code="a">text</subfield>
   <subfield code="b">txt</subfield>
   <subfield code="2">rdacontent</subfield>
  </datafield>
  <datafield tag="337" ind1=" " ind2=" ">
   <subfield code="a">unmediated</subfield>
   <subfield code="2">rdamedia</subfield>
  </datafield>
  <datafield tag="338" ind1=" " ind2=" ">
   <subfield code="a">volume</subfield>
   <subfield code="b">nc</subfield>
   <subfield code="2">rdacarrier</subfield>
  </datafield>
  <datafield tag="504" ind1=" " ind2=" ">
   <subfield code="a">Includes bibliographical references (pages 319-337) and index.</subfield>
  </datafield>
  <datafield tag="505" ind1="0" ind2=" ">
   <subfield code="a">Chapter 1. Introduction -- Part I. Prevention Science in Schools -- Chapter 2. Prevention as a Public Education Value -- Chapter 3. The Importance of Details -- Chapter 4. Risk Factors and Student Success -- Chapter 5. What to Teach in the Era of the Common Core State Standards -- Part II. The Importance of Collaboration and Teams -- Chapter 6. The Essential Role of Teams in Supporting All Students -- Chapter 7. The Logistics of Setting Up and Running Effective School Teams -- Chapter 8. Effective Team Processing: Using Data and a Problem-Solving Approach -- Part III. Making Change Happen -- Chapter 9. The Science of Change -- Chapter 10. Exploration, Adoption, and Installation -- Chapter 11. Implementation -- Chapter 12. Innovation and Sustainability -- Chapter 13. Schedules -- Part IV. Effective Instruction within an MTSS -- 14. What Is Effective Instruction? -- Chapter 15. The Instructional Hierarchy -- Chapter 16. Effective Instruction for Students Who Are ELLs -- 17. Treatment Integrity -- 18. Critical Mass: Why 80% Student Success Matters -- Part V. MTSS Organizational Structure -- 19. Universal Screening -- Chapter 20. Problem Solving -- Chapter 21. Progress Monitoring -- Chapter 22. Understanding Student Data -- Part VI. Connecting an MTSS with Other Supports -- Chapter 23. What Is Tier 3? -- Chapter 24. Education for All -- Chapter 25. Recognition and Support for Disabilities: Section 504 Plans and Special Education -- Chapter 26. Case Example: Building Tiered Supports -- Glossary of Important MTSS Terms -- References -- Index.</subfield>
  </datafield>
  <datafield tag="520" ind1=" " ind2=" ">
   <subfield code="a">&quot;Accessible and comprehensive, this book shows how to build a schoolwide multi-tiered system of support (MTSS) from the ground up. The MTSS framework encompasses tiered systems such as response to intervention (RTI) and positive behavioral interventions and supports (PBIS), and is designed to help all K-12 students succeed. Every component of an MTSS is discussed: effective instruction, the role of school teams, implementation in action, assessment, problem solving, and data-based decision making. Practitioner-friendly features include reflections from experienced implementers and an extended case study. Reproducible checklists and forms can be downloaded and printed in a convenient 8 1/2&quot; x 11&quot; size. Subject Area/Key Words: academic skills problems, assessments, behavior problems, CCSS, Common Core standards, Common Core State Standards, data-based decision making, elementary, ELLs, English language learners, evidence-based instruction, functional behavioral assessment, instructional, interventions, learning difficulties, learning disabilities, MTSS, multi-tiered systems of support, PBIS, positive behavior interventions and supports, problem solving, progress monitoring, response to intervention, RTI, school teams, secondary, special education, students, teachers, testing, universal screening Audience: School psychologists, teachers, special educators, and instructional coaches working in grades K-12; school administrators; graduate students in school psychology and special education&quot;--Provided by publisher.</subfield>
  </datafield>
  <datafield tag="650" ind1=" " ind2="0">
   <subfield code="a">Student assistance programs</subfield>
   <subfield code="v">Handbooks, manuals, etc.</subfield>
  </datafield>
  <datafield tag="650" ind1=" " ind2="0">
   <subfield code="a">Response to intervention (Learning disabled children)</subfield>
   <subfield code="v">Handbooks, manuals, etc.</subfield>
  </datafield>
  <datafield tag="650" ind1=" " ind2="0">
   <subfield code="a">School failure</subfield>
   <subfield code="x">Prevention</subfield>
   <subfield code="v">Handbooks, manuals, etc.</subfield>
  </datafield>
  <datafield tag="650" ind1=" " ind2="0">
   <subfield code="a">Problem children</subfield>
   <subfield code="x">Behavior modification</subfield>
   <subfield code="v">Handbooks, manuals, etc.</subfield>
  </datafield>
  <datafield tag="905" ind1=" " ind2=" ">
   <subfield code="a">FO</subfield>
  </datafield>
  <datafield tag="852" ind1="0" ind2=" ">
   <subfield code="a">UPD</subfield>
   <subfield code="b">DEDUC</subfield>
   <subfield code="h">LB 3430.5 B76 2016</subfield>
  </datafield>
  <datafield tag="942" ind1=" " ind2=" ">
   <subfield code="a">Book</subfield>
  </datafield>
 </record>
</collection>
